| 000 | 00437nam a2200157Ia 4500 | ||
|---|---|---|---|
| 008 | 210716s2005 xx 000 0 und d | ||
| 020 | _a8178294583 | ||
| 041 | _aeng | ||
| 082 | _a658.4095 VIEW | ||
| 100 | _aVieira, Walter. | ||
| 245 |
_aWinning manager: 51 steps to corporate success. _b51 steps to corporate success. |
||
| 250 | _a1 | ||
| 260 |
_aNew Delhi _bResponse Books _c2005 |
||
| 300 | _a220 | ||
| 650 | _aGeneral Management | ||
| 999 |
_c199582 _d199582 |
||